Southville International School and Colleges
Your cart is empty.
  • Cart
  • Lists
    Public lists Eva Luna New books Lux_list list_1
    Your lists Log in to create your own lists
  • Log in to your account
  • Your cookies
  • Search history
Southville International School and Colleges
  • Advanced search
  • Recent comments
  • Most popular
  • Libraries

Log in to your account

Log in with GOOGLE


If you do not have an external account, but do have a local account, you can still log in:

  1. Home
  2. MARC view: The Manager's pocket guide to public presentations /
Normal view MARC view ISBD view

The Manager's pocket guide to public presentations / (Record no. 357227)

[ view plain ]
MARC details
000 -LEADER
fixed length control field 00567nam a2200217Ia 4500
008 - FIXED-LENGTH DATA ELEMENTS--GENERAL INFORMATION
fixed length control field 180523s9999 xx 000 0 und d
020 ## - INTERNATIONAL STANDARD BOOK NUMBER
International Standard Book Number 81-7992-094-1
050 ## - LIBRARY OF CONGRESS CALL NUMBER
Classification number MAIN HF 5718.22
050 ## - LIBRARY OF CONGRESS CALL NUMBER
Item number .G53 2003
100 ## - MAIN ENTRY--PERSONAL NAME
Personal name Gladis, Steve.
245 #4 - TITLE STATEMENT
Title The Manager's pocket guide to public presentations /
245 #0 - TITLE STATEMENT
Statement of responsibility, etc Steve Gladis.
260 ## - PUBLICATION, DISTRIBUTION, ETC. (IMPRINT)
Place of publication, distribution, etc New Delhi :
260 ## - PUBLICATION, DISTRIBUTION, ETC. (IMPRINT)
Name of publisher, distributor, etc Jaico Publishing,
260 ## - PUBLICATION, DISTRIBUTION, ETC. (IMPRINT)
Date of publication, distribution, etc 2003
300 ## - PHYSICAL DESCRIPTION
Extent 162 pages :
300 ## - PHYSICAL DESCRIPTION
Dimensions 18 cm.
500 ## - GENERAL NOTE
General note Includes index.
650 ## - SUBJECT ADDED ENTRY--TOPICAL TERM
Topical term or geographic name as entry element Business presentations.
650 ## - SUBJECT ADDED ENTRY--TOPICAL TERM
General subdivision Public speaking.
Holdings
Withdrawn status Lost status Damaged status Home library Current library Shelving location Date acquired Total Checkouts Full call number Barcode Date last seen Price effective from Koha item type
      South Mansfield College South Mansfield College   05/23/2018   MAIN HF 5718.22 .G53 2003 SMC02059 05/23/2018 05/23/2018  

The Manager's pocket guide to public presentations /

APA

Gladis S., .The Manager's pocket guide to public presentations. New Delhi: .

Chicago

Gladis Steve, .The Manager's pocket guide to public presentations. New Delhi: .

Harvard

Gladis S., .The Manager's pocket guide to public presentations. New Delhi: .

MLA

Gladis Steve, .New Delhi: . .

  • Place hold
  • Print
  • Cite
  • Add to your cart (remove)
  • Save record
    BIBTEX Dublin Core MARCXML MARC (non-Unicode/MARC-8) MARC (Unicode/UTF-8) MARC (Unicode/UTF-8, Standard) MODS (XML) RIS
  • More searches
    Search for this title in:
    Other Libraries (WorldCat) Other Databases (Google Scholar) Online Stores (Bookfinder.com) Open Library (openlibrary.org)

Exporting to Dublin Core...

SOUTHVILLE LIBRARY

Southville International School and Colleges Library

1281 Tropical Ave. Cor. Luxembourg St., BF Homes International, Las Pinas City

Tel. No. 8256374 / 252358 Loc. 117/146

Powered by Koha